Characters in Macbeth - Statistics

General Stats
  • This quiz has been taken 395 times
    236 since last reset
  • The average score is 12 of 22
Answer Stats
Characters % Correct
Macbeth
99%
Lady Macbeth
98%
Banquo
94%
King Duncan
93%
Macduff
91%
Fleance
82%
The Three Witches
80%
Lady Macduff
72%
Malcolm
72%
Ross
59%
Donalbain
54%
Doctor
45%
Lennox
43%
Porter
40%
Hecate
39%
Young Siward
35%
Siward (Old)
33%
Angus
28%
The Murderers
28%
Seyton
23%
Gentlewoman
20%
Menteth
5%
No matching quizzes found
Score Distribution
Percent of People with Each Score
Percentile by Number Answered
Your Score History
You have not taken this quiz since the last reset